| 000 | 00506nam a2200133Ia 4500 | ||
|---|---|---|---|
| 008 | 170516s9999 xx 000 0 und d | ||
| 245 | _aCase report of a young stroke patient showing interim normalization of the MRI diffusion-weighted imaging lesion | ||
| 260 | _bBMC Medical Imaging | ||
| 260 | _c2015 | ||
| 300 | _a15: | ||
| 650 | _xMedical Technology | ||
| 650 | _xMedtech | ||
| 856 | _uhttp://bmcmedimaging.biomedcentral.com/articles?tab=keyword&searchType=journalSearch&sort=PubDate&volume=15&page=2 | ||
| 999 |
_c330071 _d330071 |
||